000 00591nam a22001817a 4500
005 20251108164320.0
008 250721s2007 xx 000 0 ara d
082 1 4 _a810.905/حزم
100 1 _aالاندلسي، أبي محمد علي بن سعيد بن حزم
_eمؤلف
245 1 0 _aطوق الحمامة في الألفة و الألاف /
264 1 _aدمشق :
_bدار المحبة،
_c2007.
300 _a219ص.
650 1 7 _aالادب العربي
650 1 7 _aالعصر الاندلسي
650 1 7 _aالرساال الادبيه
942 _2ddc
_cBK
999 _c9135
_d9135